MDQL
is popping MORE tags! Check the
thread
!
Quizzes
Events
Quiz Creation
Community
Videos
Private Events
Remove Ads
Sign In
Join for FREE
Feedback
Dark Mode
Quiz Categories
Sports
Geography
Music
Movies
Television
Just For Fun
Miscellaneous
History
Literature
Language
Science
Gaming
Entertainment
Religion
Holiday
For Kids
Quiz Lab
Recent
Popular Today
Quiz Kudos Today
Editor Picks
Curator Picks
Quizzes by...
Day
Popularity
Type
Ratings
Length
Year
Community
Subscriptions
Recent Discussions
Orange Saloon
Badges
Playlists
Quests
Create
Leaderboards
Showdown
Live 5
Trivia Bingo
Activity
Puzzle Library
Sporcle Events
Private Events
Virtual Trivia
Globe League
Become a Host
Pub Owners
SporcleCon
Opinionation
Our Games
Videos
Blog
Mobile Apps
Partnerships
Remove Ads and Go Orange
Feedback
Movies
Disney
Marvel Cinematic Universe
Movie Resume
Movie Titles
Oscar
Actor
Actress
Director
Pixar
Role
Movie Quotes
Movie Characters
Box Office
Nominee
Best Picture
Star Wars
James Bond
Horror Movies
Movies
Disney
Marvel Cinematic Universe
Movie Resume
Movie Titles
Oscar
Actor
Actress
Director
Pixar
Role
Movie Quotes
Movie Characters
Box Office
Nominee
Best Picture
Star Wars
James Bond
Horror Movies
Random Quiz
Search Sporcle
×
Quiz Lab
Quiz Lab
Movies
Love Actually
Select answers by clicking on text or image buttons
Select answers by clicking on text or image buttons
Clickable
Best Score? Go Orange.
Love Actually Cast Match-Up Stats
Can you match up the actor with their character from the movie Love Actually?
By
mickeypost
3m
18 Questions
229 Plays
229 Plays
229 Plays
Comments
Comments
Give Quiz Kudos
Give Quiz Kudos
-
- Ratings
hide this ad
Replay
Link that replays current quiz
Next Quiz
Link to next quiz in quiz playlist
You Got
0%
They Got
Avg Score
89%
Avg Friend Score
Upgrade to see
Score Distribution
Jump to the score distribution portion of the page
Score
0/18
Timer
03:00
0
Plays Today
% Correct
Bill Nighy
97.4%
Colin Firth
95.6%
Alan Rickman
94.8%
Billy Bob Thornton
94.3%
Keira Knightley
93.9%
Hugh Grant
93.4%
Emma Thompson
93%
Claudia Schiffer
91.3%
Liam Neeson
90%
% Correct
Rowan Atkinson
89.1%
Thomas Sangster
87.8%
Rodrigo Santoro
86.9%
Chiwetel Ejiofor
86.5%
Laura Linney
86.5%
January Jones
82.1%
Elisha Cuthbert
81.7%
Denise Richards
81.7%
Shannon Elizabeth
81.2%
Quiz Playlist
Details
Report
Send in Message
Add To Playlist
Clickable:
Select answers by clicking on text or image buttons
Quiz Source
Last Updated: Sep 11, 2017
Quiz Scoreboard
CHALLENGE
Sign Up to Join the Scoreboard
Show All
Scores
Hide
Comments
May contain spoilers
Recently Published
Two Season TV Shows II
by 123Four
Television
10m
Image Sorting: Flags VI
by Barbecue
Geography
2m
Find the 'City' Movie
by crazypaving
Movies
60s
More to Explore
Quiz From the Vault
Featured Blog Post
14 Easter Pick-up Lines to Find Eggs With
hide this ad
You Might Also Like...
Tags
Love Actually
Today's Top Quizzes in Movies
Browse Movies
hide this ad
Today's Top Quizzes in Love Actually
Browse Love Actually
Top Contributed Quizzes in Movies
1
Find The 'Big' Movie
2
The ultimate James Bond movie quiz
3
Find The 'Wild' Movie
4
Find The 'Blue' Movie
5
Movies By Plot
6
Hidden Star Wars Character II
7
Pick 5 Posters: Directed by Spielberg
8
Hidden Star Wars Character III
9
Hidden Star Wars Character IV
10
25 Best Actor Nominees (1990s)
Explore More
Trending Topics
Harry Potter
Crossword
Disney
Anime
Marvel
Kpop
NBA
Song
Country
Puzzle
The Office
NFL
Pokémon
Soccer
WWE
hide this ad
More By:
mickeypost
Quiz
Plays
Rating
Category
Featured
Created
Athletes Who Went Into Politics
24,831
4.25
Sports
Jul 27, 2017
Who's That with RuPaul?
22,506
4.28
Entertainment
May 7, 2018
Word Ladder: 1975 World Series
8,500
4.19
Just For Fun
Nov 13, 2017
Who's That with Jimmy Carter?
6,792
4.70
History
May 6, 2018
Rock n Roll Never Forgets
4,574
4.43
Music
Jun 20, 2016
Go to Creator's Profile
Score Distribution
Quiz Creator Spotlight
mickeypost
Follow
Send a Message
Quizzes Created
-
Created Quiz Play Count
-
More By This Creator
Popular Quizzes Today
1
Find the US States - No Outlines Minefield
2
Colored Red Africa Blitz
3
Find the 'City' Movie
4
5x2 Blitz: Bands
5
The Countries of the World
6
Find the Countries of Europe - No Outlines Minefield
7
Find the US States
8
US States
More Movies Quizzes
Disney Classics: The odd one out
Curator's Pick
Trending Quizzes
Colored Red Europe Blitz I
Colored Red Africa Blitz II
Colored Red Europe Blitz II
Colored Red Africa Blitz III
Colored Red Europe Blitz III
Recently Updated
How Do You Spell That?
pecheneg
Godzilla Movies
pecheneg
Grab Bag: 4-10 Letters
pecheneg
2024 March Madness Bracket
pecheneg
Famous TV Couples
Peacemaker
Champions League XIs: Real Madrid
pecheneg
Largest US Cities 1790-2010
pecheneg
Rides in Walt Disney World
pecheneg
Most Oscar Losses (Acting)
pecheneg
Beyoncé Albums
pecheneg
Trending Topics
Crossword
Kpop
NBA
Harry Potter
Anime
Disney
Marvel
WWE
Puzzle
NFL
Soccer
The Office
Song
Pokémon
Country
Your Account Isn't Verified!
In order to create a playlist on Sporcle, you need to verify the email address you used during registration. Go to your
Sporcle Settings
to finish the process.
Report this User
Report this user for behavior that violates our
Community Guidelines
.
Details:
Send Report
Go to the Sporcle.com Mobile Site →
Comments